000 00847nam a2200265Ia 4500
003 OSt
005 20220926022838.0
006 a|||||r|||| 00| 0
007 ta
008 220923b |||||||| |||| 00| 0 eng d
020 _a8170360536
_c150.00
037 _b16929, 07/09/1987, Sehgal
_cGeneral Book
040 _aRTL
_cRTL
_beng
041 _2eng
_aeng
082 _aV2,4N25.N8, M7
100 _aAndersen Walter K
_9328317
245 0 _aBrotherhood in saffron
_bThe Rashtriya Swayam seva
260 _aNew York
_bVistaar
_c1987
300 _axiii,317p
_ccm.
500 _aBibliography: P 269-96
650 _aPolitical Parties
_9227152
700 _a Damle Shridhar D
_9328318
942 _hV2,4N25.N8, M7
_cGB
_2CC
999 _c640408
_d640408